000 00456cam a2200181ua 4500
001 4106
008 111215n ii |||gr||||Z||||||asm
040 _cMAIN
082 _a891.4513
100 1 _aGoswami, Arun,
245 1 1 _aByanga gapla aru anyanya
_cby Arun Goswami
250 _a1st.
260 _aGuwahati:
_bLawyers book stall,997.
300 _a130p:
_c23cm.
653 _aAssamese short stories
653 _aByanga gapla aru anyanya
942 _cBK
999 _c3928
_d3928